000 00801nji a22002417a 4500
005 20100908150325.0
006 a|||||r|||||00| 0
007 sd ammalaaahaa
008 100830t xxu||||| |||| 00| 0 eng d
028 _aDB 4351
_bColumbia
035 _aGR-01220
040 _aSED
_cSED
100 _917455
_aRichard, Cliff
245 _aTravell in light /
_cby Cliff Richard
_h[sound recording] :
260 _aIndia
_bColumbia
300 _a1 sound disc [Gramophone Recording]:
_banalog, 33 1/3 rpm
_c9.5 in. (MP)
_fGramophone Record
500 _aBrief Record
505 _aSide-2 (Dynamite) (Cliff Richard)
650 _aClassical music
_zIndia
_91186
_xExcerpts
700 _918874
942 _2ddc
_cGR
999 _c44566
_d44566